Normal view
MARC view
Entry Personal Name
001 - CONTROL NUMBER
- control field: 71141
003 - CONTROL NUMBER IDENTIFIER
- control field: dpl
005 - DATE AND TIME OF LATEST TRANSACTION
- control field: 20240905142621.0
008 - FIXED-LENGTH DATA ELEMENTS
- fixed length control field: 240905|| aca||aabn | a|a d
040 ## - CATALOGING SOURCE
- Original cataloging agency: dpl
- Transcribing agency: dpl
100 ## - HEADING--PERSONAL NAME
- Personal name: Devy, G.N
670 ## - SOURCE DATA FOUND
- Source citation: Work cat.: (dpl)205606: People's linguistic survey of India:, 2019
